000 00532nam a22001937a 4500
003 BUBTL
008 160901b xxu||||| |||| 00| 0 eng d
020 _a978-81-203-1007-0
082 _a530.12AGQ
100 _9832
_aAgrawal, B.K./ Prakash,Hari
245 _aQuantum Mechanics
260 _aNew Delhi
_bPHI Learning
_cc1997
300 _a[ix],552p.
_bills.
_c24cm.
650 0 _9167
_aPhysics
700 _9833
_aAgrawal, B.K./ Prakash,Hari
856 _k0
_l0
_yDownload
942 _2ddc
_cBK
999 _c5346
_d5346